Engineering economics : (Record no. 42669)
[ view plain ]
| 000 -LEADER | |
|---|---|
| fixed length control field | 00830nam a2200253 a 4500 |
| 001 - CONTROL NUMBER | |
| control field | 42669 |
| 003 - CONTROL NUMBER IDENTIFIER | |
| rucl marc code | BD-RjUL |
| 005 - DATE AND TIME OF LATEST TRANSACTION | |
| control field | 20211209053555.0 |
| 008 - FIXED-LENGTH DATA ELEMENTS--GENERAL INFORMATION | |
| fixed length control field | 160614s1983 nyua 000 0 eng |
| 020 ## - INTERNATIONAL STANDARD BOOK NUMBER | |
| International Standard Book Number | 0668058625 (pbk.) : |
| Terms of availability | $12.00 |
| 035 ## - SYSTEM CONTROL NUMBER | |
| System control number | (BD-RjUL) 42787 |
| 040 ## - CATALOGING SOURCE | |
| Original cataloging agency | DLC |
| Transcribing agency | DLC |
| Modifying agency | DLC |
| -- | BD-RjUL |
| Language of cataloging | eng |
| 041 ## - LANGUAGE CODE | |
| Language code of text/sound track or separate title | eng |
| 082 00 - DEWEY DECIMAL CLASSIFICATION NUMBER | |
| Classification number | 338.5076 |
| Edition number | 19 |
| Author mark and year | DAE 1983 |
| 100 1# - MAIN ENTRY--PERSONAL NAME | |
| Personal name | Davidson, Sam R. |
| 9 (RLIN) | 131166 |
| 245 10 - TITLE STATEMENT | |
| Title | Engineering economics : |
| Remainder of title | problems and solutions / |
| Statement of responsibility, etc. | Sam R. Davidson. |
| 260 ## - PUBLICATION, DISTRIBUTION, ETC. (IMPRINT) | |
| Place of publication, distribution, etc. | New York : |
| Name of publisher, distributor, etc. | Arco Pub., |
| Date of publication, distribution, etc. | c1983. |
| 300 ## - PHYSICAL DESCRIPTION | |
| Pagination | vii, 211 p. : |
| Illustrations | ill. ; |
| Size | 26 cm. |
| 490 ## - SERIES STATEMENT | |
| Series statement | Arco professional career examination series |
| 650 #0 - SUBJECT ADDED ENTRY--TOPICAL TERM | |
| Topical term or geographic name as entry element | Engineering economy |
| General subdivision | Problems, exercises, etc. |
| 9 (RLIN) | 131167 |
| 830 ## - SERIES ADDED ENTRY--UNIFORM TITLE | |
| Uniform title | Arco professional career examination series |
| 942 ## - ADDED ENTRY ELEMENTS (KOHA) | |
| Source of classification or shelving scheme | Dewey Decimal Classification |
| Koha item type | Books |
| Lost status | Source of classification or shelving scheme | Damaged status | Not for loan | Collection code | Permanent Location | Current Location | Shelving location | Date acquired | Source of acquisition | Total Checkouts | Full call number | Date last seen | Copy number | Koha item type |
|---|---|---|---|---|---|---|---|---|---|---|---|---|---|---|
| Dewey Decimal Classification | Non-fiction | Central Library, University of Rajshahi | Central Library, University of Rajshahi | 20/07/1985 | Asia Foundation, Dhaka | 338.5076 DAE 1983 | 14/06/2016 | C-3 | Books | |||||
| Dewey Decimal Classification | Non-fiction | Central Library, University of Rajshahi | Central Library, University of Rajshahi | 20/07/1985 | Asia Foundation, Dhaka | 338.5076 DAE 1983 | 14/06/2016 | C-2 | Books | |||||
| Dewey Decimal Classification | Not For Loan | Non-fiction | Central Library, University of Rajshahi | Central Library, University of Rajshahi | Reading Room | 20/07/1985 | Asia foundation | 338.5076 DAE 1983 | 19/12/2016 | C-1 | Books |